00853nam a2200229 u 450000100070000000500170000700800410002403500110006503500210007604000130009704100080011008000070011811000930012524501170021826000730033530000090040865000240041765000360044194200090047799900190048695201180050558228120260506084303.0000301s1996 spa  a582281 a(OCoLC)777766878 ccomduadb aspa aSF20aUniversidad de Antioquia. Facultad de Medicina Veterinaria y Zootecnia4auteaut982490610aReforma curricular de programa de zootecnia : aprobado mediante acuerdo academico 0068 del 27 de febrero de 1996 aMedellín :bUniversidad de Antioquia. Facultad de Medicina,c1996. a54h. 7aCurrículo292751 aZootecnia como profesion956150 cBOOK c143247d143247 001040708GENERALaBRbBRd2000-03-01iC624691l0oSF81 U5rp01051867r2023-04-22 00:00:00t1w2023-04-22yBOOK